Diario íntimo /
Salvato in:
| Autore principale: | |
|---|---|
| Natura: | Libro |
| Lingua: | spagnolo |
| Pubblicazione: |
México :
Porrúa,
1986, c1986
|
| Serie: | (Sepan Cuántos ;
505) |
| Soggetti: | |
| Tags: |
Nessun Tag, puoi essere il primo ad aggiungerne!!
|
MARC
| LEADER | 00000nam^a2200000^a^4500 | ||
|---|---|---|---|
| 001 | 000326579 | ||
| 005 | 20250521000000.0 | ||
| 009 | 20260310113811.219 | ||
| 020 | |a 968-452-160-X | ||
| 037 | |a Acervo ITESO - Biblioteca | ||
| 041 | |a ESP | ||
| 082 | |a 082. |b POR V. 505 | ||
| 100 | |a Amiel, Henri Frédéric |e (autor) | ||
| 245 | 1 | 0 | |a Diario íntimo / |c H.F. Amiel ; pról. de Bernardo Bouvier. |
| 264 | 4 | |a México : |b Porrúa, |c 1986, c1986 | |
| 300 | |a XLII, 439 p. | ||
| 336 | |a texto |b txt |2 rdacontenido | ||
| 337 | |a sin mediación |b n |2 rdamedio | ||
| 338 | |a volumen |b nc |2 rdasoporte | ||
| 440 | 1 | |a (Sepan Cuántos ; |v 505) | |
| 545 | 0 | |a Henri Frédéric Amiel (1821-1881), filósofo y escritor suizo nacido en Ginebra, quedó marcado en los inicios de su adolescencia con la muerte de su madre y el suicidio de su padre, desde 1854 hasta su deceso impartió la cátedra de filosofía moral en la Academia de Ginebra. Su pensamiento osciló entre el pesimismo y el idealismo, que dejó plasmado a través de sus poesías, ensayos y su Diario íntimo; éste último redactado durante más de treinta años en el que elaboró una introspección sobre su vida y sus creencias, que dejan traslucir su personalidad y posición intelectual. | |
| 649 | |a XX | ||
| 650 | |a Escritores Suizos | ||
| 650 | |a Memorias Suizas | ||
| 650 | |a Literatura Suiza - |y Siglo XIX | ||
| 650 | |a Creencias | ||
| 650 | |a Conducta de Vida | ||
| 650 | |a Etica | ||
| 650 | |a Filosofía Suiza - |y Siglo XIX | ||
| 650 | |a Amiel, Henri Frédéric - |x Tema Principal | ||
| 910 | |a Fondo General | ||
| 920 | |a Impresos - Libros | ||
| 930 | |a Colección General | ||
| 940 | |a Literatura | ||
| 905 | |a 101 | ||
| 901 | |a 0500215282 |b IT1 |c LIT |i C120628 |u 20250521 | ||
| 902 | |a https://opac.biblio.iteso.mx/vufind/Record/000326579 | ||